000 00313nam a2200121Ia 4500
008 190216s9999||||xx |||||||||||||| ||und||
100 _aDr R. N. Ral
245 0 _aBiology Part Ii Nd Science For Middle Schools
250 _aFIRST
260 _bA.G Publications
_c1968
650 _aBotany
942 _cBK
999 _c1081
_d1081